New International encyclopedia of Bible characters : (Record no. 9745)

MARC details
000 -LEADER
fixed length control field 00630nam a22001937a 4500
003 - CONTROL NUMBER IDENTIFIER
control field GBCCL
005 - DATE AND TIME OF LATEST TRANSACTION
control field 20241126110718.0
008 - FIXED-LENGTH DATA ELEMENTS--GENERAL INFORMATION
fixed length control field 230629b ||||| |||| 00| 0 eng d
020 ## - INTERNATIONAL STANDARD BOOK NUMBER
International Standard Book Number 0310240077
020 ## - INTERNATIONAL STANDARD BOOK NUMBER
International Standard Book Number 9780310240075
040 ## - CATALOGING SOURCE
Transcribing agency gbc
082 ## - DEWEY DECIMAL CLASSIFICATION NUMBER
Classification number 220.9203
Item number NEW
245 ## - TITLE STATEMENT
Title New International encyclopedia of Bible characters :
Remainder of title the complete who's who in the Bible /
Statement of responsibility, etc. Paul D Gardner, editor
260 ## - PUBLICATION, DISTRIBUTION, ETC.
Place of publication, distribution, etc. Grand Rapids :
Name of publisher, distributor, etc. Zondervan,
Date of publication, distribution, etc. 2001
300 ## - PHYSICAL DESCRIPTION
Extent 688p. ;
505 ## - FORMATTED CONTENTS NOTE
Formatted contents note originally published : The complete who's who in the Bible, @1995
650 ## - SUBJECT ADDED ENTRY--TOPICAL TERM
Topical term or geographic name entry element Bible
Form subdivision biography
General subdivision dictionaries
9 (RLIN) 16929
942 ## - ADDED ENTRY ELEMENTS (KOHA)
Source of classification or shelving scheme Dewey Decimal Classification
Koha item type Reference Books
Holdings
Withdrawn status Lost status Source of classification or shelving scheme Damaged status Not for loan Home library Current Library Shelving location Date acquired Total checkouts Full call number Barcode Date last seen Copy number Price effective from Koha item type
    Dewey Decimal Classification     GRACE BIBLE COLLEGE GRACE BIBLE COLLEGE Encyclopedia 2023-06-29   220.9203 NEW 016330 2025-05-01 c.1 2023-06-29 Reference Books
© Grace Bible College Library 2025